000 00607nam a2200169 a 4500
001 000047749
005 20201002060720.0
008 180731s2016 dr a r 000 0 spa d
040 _aDO-SdBNP
_bspa
_cBNPHU
082 _axxxx
_bC355n
100 1 _aCastro, Radhámes
_975351
245 1 0 _aNo son cuentos :
_banécdotas y aprendizaje de un sindicalista que llega a ser diputado /
_cRadhámes Castro ; prólogo Juan Freddy Armando.
260 _aSanto Domingo :
_bAmigo del hogar,
_c2016.
300 _a271 p. :
_bspa
_a23 cm.
590 _aInventariado, 2020/BT
700 1 _aArmando, Juan Freddy,
_eprólo.
_924389
999 _c47237
_d47237